00400 2200157 4500245005200000020002200052250001100074100002100085650001900106005001900125260003900144041001400183084001000197300002600207336000900233 aComputer Graphic DesigncHendi HendratmanhText a978-602-6232-35-9 aCet. 1 aHendi Hendratman aGraphic Design a20240110125752 aBandungbInformatika Bandungc2017 aIndonesia a006.6 ax, 718 hlm. :c25 cm. atext